Kodak Black Charting Songs (Billboard Hot 100) - Statistics

General Stats
  • This quiz has been taken 79 times
    39 since last reset
  • The average score is 13 of 44
Answer Stats
Album Weeks On Peak Artist(s) Song % Correct
Dying to Live 25 Weeks #2 Kodak Black ft. Travi$ Scott & Offset ZEZE
90%
Painting Pictures 20 Weeks #6 Kodak Black Tunnel Vision
71%
Project Baby 2 26 Weeks #31 Kodak Black ft. XXXTENTACION Roll in Peace
61%
Evil Genius 26 Weeks #11 Gucci Mane x Bruno Mars x Kodak Black Wake Up in the Sky
61%
Heart of the Projects 1 Week #95 Kodak Black No Flockin'
58%
Sniper Gang Presents Syko Bob & Snapkatt: Nightmare Babies and Back For Everything 42 Weeks #3 Kodak Black Super Gremlin
58%
The Bigger Artist 21 Weeks #38 A Boogie wit da Hoodie ft. Kodak Black Drowning
52%
Project Baby 2 16 Weeks #46 Kodak Black Transportin'
48%
Hardstone Psycho 2 Weeks #59 Don Toliver ft. Kodak Black Brother Stone
42%
VULTURES 2 2 Weeks #48 ¥$: Kanye West & Ty Dolla $ign, Don Toliver & Playboi Carti ft. Kodak Black FIELD TRIP
42%
Mr. Morale & the Big Steppers 12 Weeks #7 Kendrick Lamar & Kodak Black Silent Hill
42%
Painting Pictures 3 Weeks #76 Kodak Black Patty Cake
35%
Kutthroat Bill: Vol. 1 1 Week #100 Kodak Black Walk
32%
Project Baby 2: All Grown Up and Heart Break Kodak 14 Weeks #52 Kodak Black ft. Lil Wayne Codeine Dreaming
29%
Dying to Live 1 Week #58 Kodak Black ft. Juice WRLD MoshPit
29%
Dying to Live 17 Weeks #46 Kodak Black Calling My Spirit
26%
Wave Gods and MC4 13 Weeks #73 French Montana ft. Kodak Black Lockjaw
26%
I NEVER LIKED YOU 1 Week #39 Future ft. Kodak Black VOODOO
26%
Non-Album Single 29 Weeks #29 Doechii ft. Kodak Black What It Is (Block Boy)
26%
Fast X (Original Motion Picture Soundtrack) 2 Weeks #65 Kodak Black & NLE Choppa ft. Jimin, JVKE & Muni Long Angel Pt. 1
23%
Live Life Fast 1 Week #91 Roddy Ricch ft. Kodak Black & 21 Savage Hibachi
23%
Dying to Live 1 Week #88 Kodak Black ft. Lil Pump Gnarly
19%
Michigan Boy Boat 1 Week #67 Lil Yachty ft. Kodak Black Hit Bout It
19%
Tec 1 Week #88 Lil Tecca & Kodak Black Hvn On Earth
19%
Dying to Live 3 Weeks #56 Kodak Black If I'm Lyin, I'm Flyin
19%
God Did 1 Week #77 DJ Khaled ft. Nardo Wick & Kodak Black It Ain't Safe
19%
Breath of Fresh Air 1 Week #100 Gucci Mane ft. Kodak Black King Snipe
19%
NOT ALL HEROES WEAR CAPES 1 Week #79 Metro Boomin' ft. Travi$ Scott, Kodak Black & 21 Savage No More
19%
Heartbreak on a Full Moon 20 Weeks #46 Chris Brown ft. Yo Gotti, A Boogie wit da Hoodie & Kodak Black Pills and Automobiles
19%
The Goat 1 Week #100 Plies ft. Kodak Black Real Hitta
19%
Championships 1 Week #72 Meek Mill ft. Kodak Black Tic Tac Toe
19%
Me vs. Myself 1 Week #97 A Boogie wit da Hoodie ft. Kodak Black Water (Drowning Pt. 2)
19%
Woptober II 1 Week #100 Gucci Mane ft. Kodak Black & London on da Track Big Boy Diamonds
16%
Non-Album Single 1 Week #61 Kodak Black First Day Out
16%
DS4Ever 2 Weeks #47 Gunna ft. Kodak Black how you did that
16%
Back For Everything 1 Week #81 Kodak Black Usain Boo
16%
Lil B.I.G. Pac 1 Week #84 Kodak Black Everything 1K
13%
Dying to Live 1 Week #74 Kodak Black Testimony
13%
Kutthroat Bill: Vol. 1 1 Week #96 Kodak Black 300 Blackout
10%
Painting Pictures 1 Week #93 Kodak Black ft. Future Conscience
10%
SoulFly (Deluxe Edition) 1 Week #91 Rod Wave ft. Kodak Black Get Ready
10%
Almost Healed 1 Week #76 Lil Durk & Kodak Black Grandson
10%
Back For Everything 1 Week #90 Kodak Black I Wish
10%
Dying to Live 1 Week #81 Kodak Black Take One
6%
No matching quizzes found
Score Distribution
Percent of People with Each Score
Percentile by Number Answered
Your Score History
You have not taken this quiz since the last reset